| 000 | 00841nam a22002532i 4500 | ||
|---|---|---|---|
| 001 | 16724 | ||
| 003 | BD-RjUL | ||
| 005 | 20211209000037.0 | ||
| 008 | 140215s1955 enkabf 000 0 eng d | ||
| 035 |
_a(BD-RjUL)16779 _aOCLC ocm04851657 from D951108M |
||
| 040 |
_aXLM _cXLM _dUKM _dEQO _dBD-RjUL _beng |
||
| 041 | _aeng | ||
| 082 | 0 | 0 |
_a796.522 _218 _bHOK 1955 |
| 100 | 1 |
_aHouston, Charles S. _951659 |
|
| 245 | 1 | 0 |
_aK2 : _bThe savage mountain / _cCharles Houston & Robert Bates |
| 260 |
_aLondon : _bCollins, _c1955 |
||
| 300 |
_a192 p., [12] leaves of plates : _bill., maps ; _c22 cm |
||
| 610 | 2 | 0 |
_aAmerican Alpine Club. _bAmerican Karakoram Expedition, 1953 _951667 |
| 651 | 0 |
_aKarakoram Range _951661 |
|
| 700 | 1 |
_aBates, Robert H. _q(Robert Hicks), _d1911- _951662 |
|
| 740 | 0 | _aSavage mountain | |
| 942 |
_2ddc _cBK |
||
| 999 |
_c16724 _d16724 |
||